Udržitelnost dluhového financování státu a její interakce s kvantitatívním uvolňováním: prípad USA, UK a Japonska v letech 2000-2014

Kvantitatívne uvoľňovanie, monetizácia štátneho dlhu, stratégia vstupu a vplyv na cenovú hladinu. Čistá dlhová pozícia v interakcii s nákupmi štátnych dlhopisov centrálnou bankou - stabilizácia dlhového cyklu a úloha veriteľa poslednej inštancie štátu.

Guardado en:
Detalles Bibliográficos
Autor principal: Štekláč, Jiří
Otros Autores: Titze, Miroslav
Formato: Capítulo de libro
Lenguaje:checo
Materias:
Etiquetas: Agregar Etiqueta
Sin Etiquetas, Sea el primero en etiquetar este registro!

MARC

LEADER 00000naa a2200000 4500
001 0219272
005 20241121133632.2
041 0 |a cze 
044 |a CZ 
245 1 0 |a Udržitelnost dluhového financování státu a její interakce s kvantitatívním uvolňováním: prípad USA, UK a Japonska v letech 2000-2014  |c Jiří Štekláč, Miroslav Titze 
520 |a Kvantitatívne uvoľňovanie, monetizácia štátneho dlhu, stratégia vstupu a vplyv na cenovú hladinu. Čistá dlhová pozícia v interakcii s nákupmi štátnych dlhopisov centrálnou bankou - stabilizácia dlhového cyklu a úloha veriteľa poslednej inštancie štátu. 
610 2 0 |a dlhy štátne 
610 2 0 |a uvoľňovanie kvantitatívne 
610 2 0 |a dlhopisy štátne 
610 2 0 |a politika menová 
610 2 0 |a Japonsko 
610 2 0 |a Veľká Británia 
610 2 0 |a USA 
100 1 |a Štekláč, Jiří 
700 1 |a Titze, Miroslav